[Event "Brandenburg-ch Seniors 13th"]
[Site "Lindow/Mark"]
[Date "2005.09.10"]
[Round "4"]
[White "Lampe, Ursula"]
[Black "Garms, Ilse"]
[Result "1/2-1/2"]
[WhiteElo "1370"]
[BlackElo "1514"]
[PlyCount "51"]
[EventDate "2005.09.07"]
[EventType "swiss"]
[EventRounds "9"]
[EventCountry "GER"]
[SourceTitle "EXT 2007"]
[Source "ChessBase"]
[SourceDate "2006.11.23"]
[SourceVersion "1"]
[SourceVersionDate "2006.11.23"]
[SourceQuality "1"]

1. d4 d5 2. Nf3 e6 3. Bf4 Nf6 4. Nbd2 Nbd7 5. c3 c5 6. e3 Qb6 7. Qc2 Bd6 8. Bxd6 Qxd6 9. Bd3 c4 10. Be2 0-0 11. e4 Ne8 12. e5 Qe7 13. 0-0 b5 14. a3 a6 15. Qc1 f6 16. exf6 Ndxf6 17. Ne5 Nd7 18. Ndf3 Nd6 19. Bd1 Nf5 20. Re1 Nh4 21. Nxd7 Bxd7 22. Qd2 Nxf3+ 23. Bxf3 Qf6 24. Re5 Qf4 25. Qe2 Rf6 26. Bg4 1/2-1/2

[Event "Brandenburg Seniors op 13th"]
[Site "Lindow/Mark"]
[Date "2005.09.09"]
[Round "3"]
[White "Lampe, Ursula"]
[Black "Wiebke, Elfriede"]
[Result "1-0"]
[WhiteElo "1370"]
[BlackElo "970"]
[PlyCount "110"]
[EventDate "2005.09.07"]
[EventType "swiss"]
[EventRounds "9"]
[EventCountry "GER"]
[SourceTitle "EXT 2007"]
[Source "ChessBase"]
[SourceDate "2006.11.23"]
[SourceVersion "1"]
[SourceVersionDate "2006.11.23"]
[SourceQuality "1"]

1. d4 d5 2. Nf3 Nc6 3. Bf4 Bg4 4. Nbd2 e6 5. c3 Nf6 6. h3 Bxf3 7. Nxf3 h6 8. e3 a6 9. Bd3 Bd6 10. Bxd6 Qxd6 11. Qc2 0-0 12. 0-0 b5 13. e4 e5 14. exd5 Qxd5 15. dxe5 Nxe5 16. Nxe5 Qxe5 17. Rfe1 Qd6 18. Red1 Qb6 19. Re1 c5 20. Qe2 Rae8 21. Qf3 c4 22. Bc2 b4 23. Kf1 b3 24. axb3 cxb3 25. Bd3 Rxe1+ 26. Kxe1 Re8+ 27. Kf1 a5 28. Qf5 g6 29. Qxa5 Re1+ 30. Kxe1 Qxa5 31. Rxa5 Nh5 32. Ra8+ Kg7 33. Bc4 Nf4 34. Kf1 h5 35. Bxb3 Nd3 36. Ra7 Ne5 37. c4 Nc6 38. Rc7 Nd4 39. Ba2 Ne6 40. Rc6 Nd4 41. Ra6 Nc2 42. Ra7 Nb4 43. Bb1 Nc6 44. Ra3 Ne5 45. Rc3 g5 46. c5 g4 47. hxg4 Nxg4 48. c6 Nf6 49. c7 Nd5 50. Rc1 Nb6 51. c8Q Nxc8 52. Rxc8 h4 53. b4 Kf6 54. Rc4 Ke7 55. b5 f5 1-0

[Event "NRW-ch Seniors 16th"]
[Site "Hattingen"]
[Date "2005.05.21"]
[Round "1"]
[White "Bischof, Rainer"]
[Black "Lampe, Ursula"]
[Result "1-0"]
[WhiteElo "1869"]
[BlackElo "1362"]
[PlyCount "77"]
[EventDate "2005.05.21"]
[EventType "swiss"]
[EventRounds "9"]
[EventCountry "GER"]
[SourceTitle "EXT 2007"]
[Source "ChessBase"]
[SourceDate "2006.11.23"]
[SourceVersion "1"]
[SourceVersionDate "2006.11.23"]
[SourceQuality "1"]

1. d4 d5 2. Nf3 Nf6 3. e3 Bf5 4. c4 e6 5. Qb3 b6 6. Nc3 c5 7. cxd5 exd5 8. Bb5+ Nbd7 9. Nxd5 Be6 10. Bc4 Nxd5 11. Bxd5 Bxd5 12. Qxd5 Rc8 13. 0-0 Nf6 14. Qxd8+ Rxd8 15. b3 Bd6 16. Ba3 0-0 17. dxc5 Bxc5 18. Bxc5 bxc5 19. Rfd1 h6 20. Rac1 Rxd1+ 21. Rxd1 Rc8 22. Ne5 Kf8 23. Kf1 Ke7 24. f3 Ke6 25. Nc4 Ke7 26. Ke2 Nd7 27. Nd6 Rc7 28. e4 g6 29. Nc4 Nb6 30. Ne3 Rc8 31. Rc1 Kd6 32. Kd3 a5 33. Nc4+ Nxc4 34. Kxc4 Rb8 35. Rd1+ Kc6 36. a3 f6 37. Rd5 Rb5 38. Rd8 Kc7 39. Kxb5 1-0